Chaulieu (abbé de) et LA Fare (marquis de), Poésies. Édition de Constance Griffejoen-Cavatorta. Paris, Classiques Garnier, 2014. Un vol. de 638 p. (notice n° 1655486)
[ vue normale ]
| 000 -LEADER | |
|---|---|
| fixed length control field | 00617cam a2200145 4500500 |
| 005 - DATE AND TIME OF LATEST TRANSACTION | |
| control field | 20260208010203.0 |
| 041 ## - LANGUAGE CODE | |
| Language code of text/sound track or separate title | fre |
| 042 ## - AUTHENTICATION CODE | |
| Authentication code | dc |
| 100 10 - MAIN ENTRY--PERSONAL NAME | |
| Personal name | Tonolo, Sophie |
| Relator term | author |
| 245 00 - TITLE STATEMENT | |
| Title | Chaulieu (abbé de) et LA Fare (marquis de), Poésies. Édition de Constance Griffejoen-Cavatorta. Paris, Classiques Garnier, 2014. Un vol. de 638 p. |
| 260 ## - PUBLICATION, DISTRIBUTION, ETC. | |
| Date of publication, distribution, etc. | 2015.<br/> |
| 500 ## - GENERAL NOTE | |
| General note | 27 |
| 786 0# - DATA SOURCE ENTRY | |
| Note | Revue d'histoire littéraire de la France | 115 | 1 | 2015-01-27 | p. 191h-252h | 0035-2411 |
| 856 41 - ELECTRONIC LOCATION AND ACCESS | |
| Uniform Resource Identifier | <a href="https://shs.cairn.info/revue-d-histoire-litteraire-de-la-france-2015-1-page-191h?lang=fr&redirect-ssocas=7080">https://shs.cairn.info/revue-d-histoire-litteraire-de-la-france-2015-1-page-191h?lang=fr&redirect-ssocas=7080</a> |
Pas d'exemplaire disponible.




Réseaux sociaux